Countries name in Chinese - Statistics

General Stats
  • This quiz has been taken 109 times
  • The average score is 12 of 15
Answer Stats
Hint Answer % Correct
Libanen Lebanon
100%
Wuzibiekesitan Uzbekistan
93%
Monage Monaco
89%
Bajisitan Pakistan
89%
Yameiniya Armenia
81%
Jiana Ghana
81%
Yilake Iraq
81%
Jilibasi Kiribati
78%
Bilu Peru
78%
Wulagui Uruguay
78%
Weineiruila Venezuela
78%
Yuenan Vietnam
78%
Aodaliya Australia
74%
Deyizhi Germany (Deutschland)
74%
Jineiyabisuo Guinea Bissau
74%
No matching quizzes found
Score Distribution
Percent of People with Each Score
Percentile by Number Answered
Your Score History
You have not taken this quiz